000 00364nam a2200145Ia 4500
008 230917s9999||||xx |||||||||||||| ||und||
040 _e95536
_aMAIN
041 _aEnglish
082 _a323.4 C392H
100 _aChatterjee, Debi
245 0 _aHuman rights: Theory and practice
260 _aNew Delhi
_bSouth Asian
_c2002
300 _axv, 245 p.
942 _cBK
999 _c114067
_d114067